000
00289nam a22001097a 4500
082
_a
346.42031 WOR
245
_a
Workmen's compensation act, 1923 with rules
260
_a
Pakistan
_b
Punjab Laws Online
300
_a
88p
942
_2
ddc
_c
BK
999
_c
540935
_d
540935